000 01173 a2200241 4500
003 Nust
005 20230103123852.0
010 _a 89032967
020 _a0201518848
040 _cNust
082 0 0 _a629.8323,FRA
100 1 _aFranklin, Gene F.
_991744
245 1 0 _aDigital control of dynamic systems /
_cGene F. Franklin, J. David Powell, Michael L. Workman.
250 _a2nd ed.
260 _aReading, Mass. :
_bAddison-Wesley,
_cc1990.
300 _axxi, 837 p. :
_bill. ;
_c24 cm.
505 _aIntroduction (Page-1), Linear, Discrete, Dynamic Systems (Page-13), Sampled-Data Systems (Page-101), Discrete Equivalents (Page-133), Design Digital, Control System using Transforms (Page-158), Design Digital, Control System using State-Space (Page-238), Quantization Effects (Page-322), System Identification (Page-349), Multivariable and Optimal Control (Page-417), Sample Rate Selection (Page-483), Nonlinear Control (Page-516), Application and Practice of Digital Control (Page-641).
650 0 _aDigital control systems.
650 0 _aDynamics.
700 1 _aPowell, J. David,
_d1938-
_999440
700 1 _aWorkman, Michael L.
_9106323
942 _2ddc
_cBK
999 _c183974
_d183974